000 00213nam a22000977a 4500
999 _c16097
_d16097
003 OSt
008 191106b ||||| |||| 00| 0 eng d
100 _aKunjunni,Menon.
_94543
245 _a Sahitya sarvam
942 _cBK